=LDR 00000nam 2200000 4500 =001 INLIS000000000061600 =005 20240125021434 =035 ##$$a 0010-1022000341 =007 ta =008 240125###########################0#ind## =020 ##$$a 013-109083-6 =082 ##$$a 320.6 =084 ##$$a 320.6 WEI p =100 1#$$a David L. Weimer =245 1#$$a Policy Analysis Concepts and Practice /$c David L. Weimer, Aidan R. Vining =260 ##$$a New York :$b Printice Hall, Upper Saddie Rever,$c 1999 =300 ##$$a viii,486 halaman ; $c 22 cm =650 #4$$a Politik - Analisis =700 1#$$a Aidan R. Vining =990 ##$$a 3202202602 =990 ##$$a 3202202602